[Event "Tradewise Masters"]
[Site "Gibraltar"]
[Date "2018.02.01"]
[Round "18.1"]
[White "Aronian, Levon"]
[Black "Vachier Lagrave, Maxime"]
[Result "1-0"]
[WhiteElo "2797"]
[BlackElo "2793"]
[EventDate "2018.??.??"]
[Annotator "Bojkov,Dejan"]
[PlyCount "99"]
[Beauty "7014373657111"]
[EventType "team-tourn"]
[EventCountry "GGB"]

1.d4 Nf6 2.Nf3 g6 3.Nc3 d5 4.Bf4 Bg7 5.Nb5 Na6 {This position can arise from the Chigorin defense with reversed colors.} 6.e3 c6 {The French GM deviates from an earlier game of them.} ( {At the World Cup Vachier-Lagrave chose:} 6...O-O 7.h3 c6 8.Nc3 Nc7 9.Be2 Bf5 10.O-O Rc8 11.Bh2 Ne4 12.Nxe4 Bxe4 {and the game eventually ended in a draw, Aronian,L (2799)-Vachier Lagrave,M (2804) Tbilisi 2017} ) 7.Nc3 O-O {Allows the doubling of the pawns.} ( {Perhaps a better choice would be} 7...Nc7 {At least from practical point of view. In a blitz game it is easy to miss a strategical nuance.} ) 8.Bxa6 bxa6 9.h3 Nd7 $146 {A novelty. The idea is to free himself as quick as possible with c6-c5.} ( {An earlier game saw} 9...Bb7 10.g4 $2 ( {Most likely Aronian would have played as in the game with} 10.O-O ) 10...Rc8 11.Na4 Nd7 12.Ne5 Nxe5 13.Bxe5 Bxe5 14.dxe5 c5 {with large advantage for Black, Tippach,G-Kobs, R Wuerzburg 1987} ) 10.O-O Bb7 {That is the strategical inaccuracy that I mentioned earlier. Now Aronian manages to clamp the dark squares.} ( {Better was} 10...a5 {with the idea to save a tempo after} 11.Na4 Ba6 12.Re1 Rc8 {Now} 13.Ne5 Nxe5 14.Bxe5 Bxe5 15.dxe5 c5 {is nothing to worry about.} ) 11.Na4 {White's plan is to trade amost all the light pieces and to keep a good knight versus light-sqaured bishop.} 11...Rc8 ( {Here} 11...a5 {comes too short. After} 12.Ne5 $1 Nxe5 13.Bxe5 f6 ( {Or} 13...Bxe5 14.dxe5 Qc7 15.Qd4 {with dark-squared blockade.} ) 14.Bg3 {White gets big advantage.} ) 12.b4 {Everything is just in time.} 12...a5 13.Nc5 Nxc5 14.bxc5 Ba6 15.Re1 a4 ( {If} 15...Re8 16.Qd2 f6 {with the idea e7-e5, then} 17.Qc3 ) 16.Qd2 {A subtle move.} ( {This is better than} 16.e4 dxe4 17.Rxe4 Bc4 ) 16...Bb5 17.e4 dxe4 18.Rxe4 Bc4 19.Bh6 {Everything is according to the plan to swap off the unnecessary light pieces.} 19...Bxh6 $6 {A second innaccuracy after which Black's position becomes incredibly difficult.} ( {Vachier-Lagrave would have been to happy his bishop for the knight. However, the line} 19...Bd5 20.Bxg7 Kxg7 21.Rh4 h5 22.Ne5 {Looks too scary for a blitz game. Had Black a bit more time on the clock though he would have probably spotted} 22...f6 23.Nd3 g5 $1 24.Rxh5 Bf7 {trapping the rook.} ) 20.Qxh6 f6 21.Nd2 {White's advantage is undispituable now. He has more active pieces and much more favourable pawn structure.} 21...Bd5 22.Re3 Rb8 23.c4 Bf7 24.Re4 {Solid play.} ( {Although good enough was} 24.Rae1 Qxd4 25.Re4 Qd3 ( 25...Qxc5 {loses to} 26.Rh4 ) 26.Rxe7 ( {Not} 26.Rh4 g5 ) ) 24...g5 ( {Perhaps the passive defense after} 24...Be8 25.Rae1 Rf7 {was more resilient.} ) 25.Rae1 e5 ( {After} 25...Rb7 {White would throw the h-pawn into the attack} 26.h4 {For example} 26...Bg6 27.R4e2 Qxd4 28.Rxe7 Rxe7 29.Rxe7 f5 30.h5 {with a win.} ) 26.dxe5 {Not even a sacrifice.} 26...Bg6 ( {Since} 26...Qxd2 27.exf6 {leads to mate.} ) 27.R4e2 Rb2 {Vachier-Lagrave seeks tactical chances.} ( {Or} 27...fxe5 28.Nf3 ) 28.Nf3 Rxe2 ( {Nothing changes} 28...a3 29.exf6 Qxf6 30.Re6 Qf5 31.Re7 ) 29.Rxe2 fxe5 30.Rxe5 Qd1+ 31.Re1 Qc2 32.a3 {In a won position Aronian keeps making the most solid choices.} ( {The alternative was:} 32.Qxg5 Qxa2 ( 32...Qxc4 ) 33.h4 Rf5 34.Re8+ Rf8 35.Rxf8+ Kxf8 36.h5 {when White should win.} ) 32...Qxc4 33.Qxg5 Rf5 34.Re8+ $1 Kg7 ( {Or} 34...Rf8 35.Rxf8+ Kxf8 36.Qf6+ Kg8 37.Nd4 {followed by Nd4-e6(f5)} ) 35.Qe7+ Kh6 36.Qe3+ Qf4 ( {Since otherwise the attack is decisive-} 36...Kg7 37.Nd4 ) 37.Qxf4+ ( 37.Nd4 $5 Rf6 38.g3 ) 37...Rxf4 38.Re6 Rc4 39.Rxc6 {Now all the queenside pawns diasapear.} 39...Kg7 ( {Perhaps Black should have tried} 39...Rc3 40.Ra6 Rxa3 {although here too White wins after} 41.Nd4 ) 40.Ne5 Rc1+ 41.Kh2 Be4 42.Ra6 Rxc5 43.Rxa7+ Kg8 44.Nd7 Rf5 45.Rxa4 Bc6 46.Rg4+ Kf7 47.Nb8 Bb7 48.f3 Rb5 49.Rb4 Rxb4 50.axb4 {Black resigned since the knight escapes.} ( 50.axb4 Ke7 51.b5 ) 1-0

[Event "E Candidates"]
[Site "Berlin"]
[Date "2018.03.20"]
[Round "9.2"]
[White "Caruana, Fabiano"]
[Black "Ding, Liren"]
[Result "1/2-1/2"]
[WhiteElo "2784"]
[BlackElo "2769"]
[EventDate "2018.??.??"]
[Annotator "Bojkov,Dejan"]
[PlyCount "133"]
[Beauty "4813874014734"]
[EventType "swiss"]
[EventRounds "14"]
[EventCountry "FID"]

1.d4 Nf6 2.c4 e6 3.g3 Bb4+ 4.Bd2 Be7 5.Bg2 d5 6.Nf3 O-O 7.O-O c6 8.Qb3 b6 9.Nc3 Ba6 10.cxd5 cxd5 11.Ne5 Bb7 12.Rfc1 ( {The alternative is:} 12.Qa4 a6 13.Qb3 Nfd7 14.Nxd7 Nxd7 15.Rfc1 {Ortega,M (2443)-Jakubowski,K (2529) Figueira da Foz 2017} ) 12...Nc6 {Allows a forcing continuation.} ( {Ding disliked the line:} 12...Nfd7 13.Nd3 {which Caruana considered "playable, but probably equal."} ) 13.Nxd5 Nxd4 14.Nxe7+ Qxe7 15.Qc4 Bxg2 16.Qxd4 Rfd8 17.Qf4 $146 ( {Both players calculated the line:} 17.Qb4 Qxb4 18.Bxb4 Bb7 19.Rc7 Ba6 {which would lead to "the same" (Ding) after:} 20.Rac1 ( 20.Nxf7 Nd5 21.Nxd8 Nxc7 22.Nc6 {1/2-1/2 (22) Gleizerov,E (2545)-Farago,I (2515) Oberwart 1996} ) 20...Nd5 21.Rxf7 $1 Bxe2 $1 ( {But not} 21...Nxb4 $4 22.Rcc7 {with quick mate.} ) ) 17...Bb7 18.Bb4 Qe8 19.Rc7 Nd5 20.Qxf7+ Qxf7 21.Rxf7 Ba6 22.Ba3 Bxe2 23.Rc1 {Straight from the opening White entered a promising endgame where he can play for a win without any risk. A dream situation for Caruana and his tournament position!} 23...Bh5 24.Rb7 Be8 25.Kg2 a5 26.h4 Rdb8 27.Rxb8 Rxb8 28.g4 b5 ( {Here strong was} 28...h5 $1 29.g5 b5 30.b3 b4 31.Bb2 Ne7 {"followed by Ne7-f5" (Caruana)} ) 29.b3 b4 ( 29...h5 $1 ) 30.Bb2 a4 {Ding: "I played this move too quickly. I did not realize the danger after...} 31.h5 $1 {...when it is very unpleasant for Black to defend." "Black cannot really clarify the situation and lacks any counterplay" (Caruana)} 31...Ra8 32.Kg3 {This endgame somehow reminded the experts of the classic Kasparov-Petrosian, Niksic 1983. The future world champion managed to win even without the queenside pawns, with the same pieces left on the board. Another difference was that the e6 pawn stands on d5, which probably favors White. But in any case the presence of the opposite-colored bishops is not necessary helping Black, but quite the opposite. It provides White extra attacking chances.} 32...Kf8 33.Nf3 Bd7 34.Rc4 Kg8 35.Ne5 Bb5 36.Rc5 Be8 37.Nc4 Bd7 38.Ne5 Be8 39.Bd4 Kf8 40.f3 Ke7 41.Kh4 $1 ( {At first White wanted to play:} 41.Nd3 g6 ( 41...Kf8 {might be better.} ) 42.h6 {but he disliked} 42...g5 43.Nf2 Bg6 {Still, White is better after} 44.Ne4 axb3 45.axb3 Ra3 46.Nxg5 Rxb3 47.Rc6 ) 41...Kf8 42.Kg5 {Provoking a weakening.} 42...h6+ 43.Kh4 Kg8 44.Kg3 Kh7 {Here Caruana regretted about his provocation as he thought the king is safer on h7. But it turned out it is not.} 45.Nd3 Kg8 46.Rc1 axb3 47.axb3 Kh7 48.Nc5 Bf7 49.Re1 Ne7 $1 50.Bb2 ( {Black's idea is revealed in the line:} 50.Nxe6 Nc6 51.Bc5 Re8 52.Nf8+ Kg8 {with a draw (Caruana)} ) 50...Nc6 51.f4 Ra2 52.Nd3 e5 $1 {Correctly trading pawns.} 53.fxe5 {Ding is within a reach of the draw, but now starts to slowly slip.} 53...Bxb3 ( {Safer was} 53...Nd8 54.Re4 Bxb3 55.Rxb4 Bf7 {(Caruana)} ) 54.e6 Ra7 ( {White saw the correct defense} 54...Bc4 $1 55.e7 Nxe7 56.Rxe7 Bxd3 57.Rxg7+ Kh8 58.Bd4 b3 {There are many discovered checks, but none of them is lethal:} 59.Rb7+ Kg8 60.Rxb3 Be2 {(Caruana)} ) 55.Nc5 Bc4 {This loses.} ( {Bad was} 55...Bd5 56.Nd7 Ne7 57.Rf1 $1 ) ( {Strangely, the only defense was:} 55...Ba2 56.Nd7 Ra8 57.Rf1 Nd8 58.e7 Nf7 ) 56.Nd7 Bb5 {"Very good defense" (Caruana). But Black might be lost already.} ( {They both saw the beautiful line} 56...Ra2 57.e7 Bf7 58.Rf1 $1 ( {Not} 58.e8=Q Bxe8 59.Rxe8 Rxb2 60.Nf8+ {when the king escapes} 60...Kg8 ) 58...Kg8 59.e8=Q+ Bxe8 60.Rf8+ Kh7 61.Nf6+ $1 gxf6 62.Bxf6 {with study-like mate.} ) ( {Black also loses after} 56...Ne7 57.Re4 Bb5 ( 57...Bd5 58.Rf4 ) 58.Rf4 Bxd7 59.Rf7 $1 {(Caruana)} ) ( 56...Bxe6 $2 57.Nf8+ ) 57.Nf8+ ( {Caruana misses the strong idea} 57.Re3 Bc4 58.Rf3 $1 {with unstoppable Rf3-f7!} 58...Bxe6 59.Nf8+ ) 57...Kg8 58.Ng6 Ne7 {An oversight, just very close to the draw.} ( {Both} 58...Ra8 $1 ) ( {Or} 58...Bd3 $1 {should have held.} ) 59.Ra1 $1 {"I missed this move, but I was very lucky that I have...} 59...Nc6 {...and I did not lose immediately." (Ding)} ( 59...Rxa1 {drops a piece after} 60.Nxe7+ Kf8 61.Ng6+ ) 60.Rd1 {Going for the king once more.} ( 60.e7 {does not even win a pawn but definitely draws due to the opposite-colored bishops after} 60...Kf7 61.e8=Q+ Kxe8 62.Rxa7 Nxa7 63.Bxg7 b3 ) 60...Kh7 $1 {The most tenacious defense, which prevents the maneuver Rd1-d5-f5-f8 (with a check). (Caruana)} 61.Rd5 Ba4 ( 61...Bc4 {loses to} 62.Rc5 ) ( {And} 61...Rb7 {to} 62.Rf5 Bd3 63.Rf7 {(Caruana)} ) 62.Kf4 ( {Caruana missed the study-like win after} 62.Rd2 $3 {This takes away the c2 square and preserves the knight on g6. Both players saw the move, but not the follow-up:} 62...Bb5 ( 62...Bb3 63.Rf2 {with the threat Rf2-f8-h8 is decisive since} 63...Ra8 {weakens the seventh rank and is equaly bad after} 64.Rf7 ) 63.Rf2 Bd3 64.Nf8+ $1 Kg8 65.Nd7 $3 {This is extremely difficult to find. White ruins the mating net, in order to create another one. After} 65...Bc4 66.Rf8+ Kh7 67.Re8 $1 {the return of the Jedi to g6 (sorry, the knight) will finish the game.} ) 62...Bc2 63.Rc5 ( {Caruana thought he should have tried the endgame after} 63.Ne5 Nxe5 64.Kxe5 {although he considered it drawish, but unplesant.} ) 63...Ba4 64.g5 hxg5+ ( {Correct was the preliminary} 64...Ra8 65.Rf5 hxg5+ 66.Kxg5 Nd8 67.e7 Ne6+ 68.Kg4 Kg8 {when Black should hold.} ) 65.Rxg5 Nd8 {Now a second chance is given to Caruana.} 66.Re5 {And he misses it!} ( {They both got extremely tired and missed the final move in the line} 66.Nf8+ Kg8 67.h6 Kxf8 68.h7 $1 ) 66...Be8 67.e7 1/2-1/2

[Event "E Candidates 2018"]
[Site "Berlin GER"]
[Date "2018.03.10"]
[Round "1"]
[White "Caruana, Fabiano"]
[Black "So, Wesley"]
[Result "1-0"]
[WhiteElo "2784"]
[BlackElo "2799"]
[EventDate "2018.03.10"]
[Annotator "Bojkov,Dejan"]
[PlyCount "71"]
[Beauty "7976563513874"]
[EventType "team-tourn"]
[EventCountry "GER"]

1.d4 {The first move came a surprise to So as "Fabiano played only 1.e4 at the previous Candidates."} 1...Nf6 ( {The two relevant game to the game opening are Caruana-Short (played five years ago) and Ding-So (from 2011) with the following move order:} 1...e6 2.Nf3 Nf6 3.c4 Bb4+ {They both saw} 4.Nbd2 {Caruana,F (2782)-Short,N (2683) London 2013: Ding,L (2654)-So,W (2658) Khanty-Mansiysk 2011} ) 2.c4 e6 3.g3 Bb4+ {A surprise for the surprise. So usually chooses the QGD with 3...d5 or the Queen's Indian with 3...b6.} 4.Bd2 {This is a completely new position for both players, at least according to the Megabase.} 4...Be7 5.Bg2 {Back into the Catalan type of positions.} 5...d5 6.Nf3 O-O 7.O-O c6 8.Qb3 Nbd7 9.Bf4 a5 10.Rd1 ( {Another option was} 10.Rc1 Ne4 11.Nc3 g5 12.Be3 Nd6 13.c5 Nc4 {as in Matsenko,S (2546)-Swiercz,D (2649) Columbus 2017} ) 10...Nh5 $146 {A novelty in comparison to:} ( 10...b5 11.c5 Ba6 12.Qc2 b4 13.Bf1 Ne4 14.Nbd2 f5 15.Ne5 Nxe5 16.Bxe5 Nxd2 17.Qxd2 Bg5 {which Black held comfortably in Mamedyarov,S (2775) -Kovalenko,I (2644) Riga 2013} ) 11.Bc1 Nhf6 {The idea itself is very standard. Black kicks the bishop away from the active position under the threat of a threefold repetition.} 12.Nbd2 {However now there is:} ( {The more natural} 12.Nc3 {would be strongly met with} 12...a4 13.Qc2 ( 13.Nxa4 dxc4 14.Qc2 b5 {leads to the same.} ) 13...dxc4 14.Nxa4 b5 {with comfortable position for Black. leads to the same.} ) 12...b5 {When Black gets some space to operate on the queenside.} 13.c5 ( {The pawn is not worth it:} 13.cxb5 cxb5 14.Qxb5 Ba6 {as the central one on e2 will suffer in return.} ) 13...b4 {Frees the bishop.} 14.Qc2 {Caruana was not happy with his play at this stage of the game.} ( {He suggested instead} 14.a3 {and this may lead to wild complications after} 14...Ba6 15.e3 e5 $5 16.axb4 ( {Or} 16.dxe5 Nxc5 17.exf6 Nxb3 18.fxe7 Qxe7 19.Nxb3 ) 16...axb4 17.Qxb4 e4 {with compensation for a pawn.} ) ( 14.e4 $5 {might have been an option too. Say} 14...dxe4 15.Ne5 ( 15.Ng5 e3 $1 16.fxe3 Nd5 ) 15...a4 16.Qc2 Qc7 17.Nxe4 {and White seems better.} ) 14...a4 {So is consistently looking for queenside action.} 15.Re1 {Preparing e2-e4.} ( {Both} 15.b3 $5 ) ( {And} 15.e3 $5 {were interesting alternatives according to Caruana.} ) 15...e5 $1 {"Maybe this is not the best" So. Black went wrong later. The move in the game frees his pieces and even fights for the initiative.} ( {A slow move like} 15...Qc7 {would have allowed} 16.e4 {with all the conveniences after} 16...dxe4 17.Nxe4 Nxe4 18.Qxe4 Nf6 19.Bf4 {with advantage for White.} ) 16.Nxe5 Nxe5 17.dxe5 Nd7 18.Nf3 Bxc5 19.Ng5 {Played after long thought. The position requires rapid action.} ( {Slow moves like} 19.Bf4 Qb6 ) ( {or} 19.e4 Qb6 {are good for Black.} ) 19...g6 20.Bf4 Qb6 21.e4 {The most energetic move.} ( {Both players considered} 21.e3 {Now} 21...h6 {is wrong to} ( {Where Caruana was afraid of} 21...b3 $1 22.axb3 ( {Or} 22.Qb1 Bb4 23.Rf1 Nc5 {"followed by Bc8-f5 and can get quickly into strategically lost position" (Caruana)} ) 22...axb3 23.Qe2 Ra2 {Let's continue the line a bit with} 24.Bh3 h6 25.Nxf7 Rxf7 26.e6 Rxf4 27.exd7 Bxd7 28.exf4 Bxh3 29.Qe8+ Kg7 30.Re7+ Bxe7 31.Qxe7+ Kg8 32.Qe8+ {and it all ends with perpetual check.} ) 22.Nxf7 $1 Kxf7 ( 22...Rxf7 23.e6 ) 23.e6+ Kxe6 24.Qxg6+ Ke7 25.Qxh6 {with crushing attack.} ) 21...b3 {So is also in a hurry to open up the queenside and deflect the opponent's pieces fom his king.} 22.axb3 axb3 23.Qe2 {The critical moment of the game.} 23...Ba6 $2 {After this White's attack continues unhindered.} ( {Correct was:} 23...Ra2 $1 {(Caruana) when White intended} 24.Rab1 ( {Or} 24.exd5 Ba6 25.Qf3 Rxb2 26.Ne4 cxd5 27.Nxc5 Nxc5 28.Be3 Bc4 29.Bd4 {"with a mess. The b-pawn might be very, very dangerous" (Caruana)} ) 24...Ba6 25.Qf3 {At the very last moment Caruana saw the resource} 25...Bd3 $5 26.Qxd3 Bxf2+ 27.Kh1 Bxe1 28.Rxe1 Rxb2 {and did not like it too much for White. Then indeed} 29.exd5 Qf2 30.Qf1 Nc5 $5 {should be OK for Black.} ( 30...Qxf1+ 31.Rxf1 Ra2 32.dxc6 b2 33.Be4 Ra1 ) ( 30...cxd5 ) ) 24.Qf3 Bc4 25.Rxa8 Rxa8 {Black managed to trade a pair of rooks, but had to abandon the kingside. The punishment is swift:} 26.e6 $1 dxe4 ( {Since} 26...fxe6 27.Bc7 $1 {loses on the spot.} ) 27.exf7+ Bxf7 28.Nxe4 Bd4 {Makes things even worse, although Black's position is obviously suspicious, to say the least.} ( 28...Re8 {"was still putting up a good fight"(Caruana). The thing is that the light-squared bishop does enormous defensive work after} 29.Rd1 Bd5 30.Qg4 Be6 31.Qe2 Bd5 ) 29.Nd6 Bd5 30.Qe2 {Without the light-squared bishop Black cannot hold the kingside.} 30...Nf8 ( {Or mate after} 30...Bxg2 31.Qe6+ Kh8 32.Nf7+ Kg8 33.Nd8+ Kg7 34.Qxd7+ ) 31.Bxd5+ cxd5 32.Qf3 Qa5 {There is no defense against the mating attack. For example} 33.Re7 Qc5 34.Bh6 Qxd6 35.Qf7+ Kh8 36.Bg7+ 1-0